000 00292 a2200157 4500
001 162983
020 _a
040 _cMagnum
100 _aFurnari, Eva
240 1 0 _aTruks
_lpor
245 1 0 _aTruks
362 0 _a1899
440 1 _aÁtica
697 _aI/BRUXA, MISTERIO
942 _cBK
999 _c162983
_d162983